Портрет пожилого поколения в зеркале региональной статистики; От науки к бизнесу "Трансфер технологий - новое измерение" : материалы IX Международного Форума, 20-22 мая 2015 года, Санкт-Петербург

ग्रंथसूची विवरण
Parent link:От науки к бизнесу "Трансфер технологий - новое измерение" : материалы IX Международного Форума, 20-22 мая 2015 года, Санкт-Петербург.— 2015.— С. 130-132
निगमित लेखक: Национальный исследовательский Томский политехнический университет (ТПУ) Институт социально-гуманитарных технологий (ИСГТ) Кафедра экономики (ЭКОН) Международная научно-образовательная лаборатория технологий улучшения благополучия пожилых людей (МНОЛ ТУБПЛ)
अन्य लेखक: Монастырный Е. А. Евгений Александрович, Барышева Г. А. Галина Анзельмовна, Касинский С. В. Сергей Викторович, Дырко Н. П. Нина Петровна, Гуменников И. В. Илья Владимирович
सारांश:В фонде НТБ ТПУ отсутствует
भाषा:रूसी
प्रकाशित: 2015
विषय:
स्वरूप: पुस्तक अध्याय
KOHA link:https://koha.lib.tpu.ru/cgi-bin/koha/opac-detail.pl?biblionumber=602734

MARC

LEADER 00000naa0a2200000 4500
001 602734
005 20250916154721.0
035 |a (RuTPU)RU\TPU\tpu\29066 
090 |a 602734 
100 |a 20170515d2015 k y0rusy50 ca 
101 0 |a rus 
102 |a RU 
200 1 |a Портрет пожилого поколения в зеркале региональной статистики  |f Е. А. Монастырный [и др.] 
333 |a В фонде НТБ ТПУ отсутствует 
463 1 |t От науки к бизнесу "Трансфер технологий - новое измерение" : материалы IX Международного Форума, 20-22 мая 2015 года, Санкт-Петербург  |l From Science to Business "Technology transfer - new dimensions" : IX International Forum, May 20-22, 2015, Saint Petersburg, Russia : proceedings  |v С. 130-132  |d 2015 
610 1 |a труды учёных ТПУ 
610 1 |a пожилые люди 
610 1 |a поколение 
610 1 |a региональная статистика 
701 1 |a Монастырный  |b Е. А.  |c экономист  |c профессор Томского политехнического университета, доктор экономических наук  |f 1954-  |g Евгений Александрович  |3 (RuTPU)RU\TPU\pers\33657 
701 1 |a Барышева  |b Г. А.  |c экономист  |c профессор Томского политехнического университета, доктор экономических наук  |f 1961-  |g Галина Анзельмовна  |3 (RuTPU)RU\TPU\pers\25765  |9 11658 
701 1 |a Касинский  |b С. В.  |g Сергей Викторович 
701 1 |a Дырко  |b Н. П.  |g Нина Петровна 
701 1 |a Гуменников  |b И. В.  |c экономист  |c лаборант Томского политехнического университета  |f 1990-  |g Илья Владимирович  |3 (RuTPU)RU\TPU\pers\35557 
712 0 2 |a Национальный исследовательский Томский политехнический университет (ТПУ)  |b Институт социально-гуманитарных технологий (ИСГТ)  |b Кафедра экономики (ЭКОН)  |b Международная научно-образовательная лаборатория технологий улучшения благополучия пожилых людей (МНОЛ ТУБПЛ)  |3 (RuTPU)RU\TPU\col\21257 
801 1 |a RU  |b 63413507  |c 20101016 
801 2 |a RU  |b 63413507  |c 20170515  |g RCR 
942 |c BK